000 00244nam a2200097Ia 4500
001 642893
005 20250826153535.0
008 250824s9999 xx 000 0 und d
245 0 _aMavi Kuşu Gören Var Mı
_cÇetin Öner
260 _bCAN YAYINLARI
999 _c642893
_d642893